Eastern Utah Libraries Catalog: Duchesne, Heber, Roosevelt, & Vernal

Ultimate bug rumble / (Record no. 407226)

MARC details
000 -LEADER
fixed length control field 01340nam a2200385 4500
001 - CONTROL NUMBER
control field 2178163
003 - CONTROL NUMBER IDENTIFIER
control field IlBcCP
005 - DATE AND TIME OF LATEST TRANSACTION
control field 20250422133942.0
008 - FIXED-LENGTH DATA ELEMENTS--GENERAL INFORMATION
fixed length control field 250422s2020 nyua b 001 0 eng
020 ## - INTERNATIONAL STANDARD BOOK NUMBER
International Standard Book Number 1536465194
020 ## - INTERNATIONAL STANDARD BOOK NUMBER
International Standard Book Number 9780545946070
020 ## - INTERNATIONAL STANDARD BOOK NUMBER
International Standard Book Number 9781536465198
040 ## - CATALOGING SOURCE
Transcribing agency IlBcCP
082 14 - DEWEY DECIMAL CLASSIFICATION NUMBER
Classification number 591.5
Edition number 23
100 1# - MAIN ENTRY--PERSONAL NAME
Personal name Pallotta, Jerry.
9 (RLIN) 25423
245 10 - TITLE STATEMENT
Title Ultimate bug rumble /
Statement of responsibility, etc Jerry Pallotta ; illustrated by Rob Bolster.
260 ## - PUBLICATION, DISTRIBUTION, ETC. (IMPRINT)
Place of publication, distribution, etc New York, NY :
Name of publisher, distributor, etc Scholastic, Incorporated,
Date of publication, distribution, etc 2020.
300 ## - PHYSICAL DESCRIPTION
Extent 32 p. :
Other physical details col. ill. ;
Dimensions 23 cm
490 1# - SERIES STATEMENT
Series statement Who would win
504 ## - BIBLIOGRAPHY, ETC. NOTE
Bibliography, etc Includes bibliographical references (p. 23) and index.
520 ## - SUMMARY, ETC.
Summary, etc This nonfiction series is full of facts, photos, and realistic illustrations, and it includes a range of mammals, sea creatures, insects, and dinosaurs to satisfy all kinds of animal fans.
521 2# - TARGET AUDIENCE NOTE
Target audience note 1234.
521 8# - TARGET AUDIENCE NOTE
Target audience note 640
Source Lexile.
526 8# - STUDY PROGRAM INFORMATION NOTE
Program name Accelerated Reader AR
Interest level LG
Reading level 3.9
Title point value 0.5
Public note 187552.
650 #7 - SUBJECT ADDED ENTRY--TOPICAL TERM
Topical term or geographic name as entry element Centipedes.
Source of heading or term sears
650 #7 - SUBJECT ADDED ENTRY--TOPICAL TERM
Topical term or geographic name as entry element Contests.
Source of heading or term sears
650 #7 - SUBJECT ADDED ENTRY--TOPICAL TERM
Topical term or geographic name as entry element Insects.
Source of heading or term sears
650 #7 - SUBJECT ADDED ENTRY--TOPICAL TERM
Topical term or geographic name as entry element Praying mantis.
Source of heading or term sears
9 (RLIN) 89914
650 #7 - SUBJECT ADDED ENTRY--TOPICAL TERM
Topical term or geographic name as entry element Scorpions.
Source of heading or term sears
650 #7 - SUBJECT ADDED ENTRY--TOPICAL TERM
Topical term or geographic name as entry element Spiders.
Source of heading or term sears
650 #7 - SUBJECT ADDED ENTRY--TOPICAL TERM
Topical term or geographic name as entry element Tarantulas.
Source of heading or term sears
700 1# - ADDED ENTRY--PERSONAL NAME
Personal name Bolster, Rob,
Relator term ill.
800 1# - SERIES ADDED ENTRY--PERSONAL NAME
Personal name Pallotta, Jerry.
Title of a work Who would win?
9 (RLIN) 5776203
852 ## - LOCATION/CALL NUMBER
-- 13.95
Holdings
Withdrawn status Lost status Source of classification or shelving scheme Damaged status Not for loan Collection code Home library Current library Shelving location Date acquired Source of acquisition Total Checkouts Total Renewals Full call number Barcode Date last seen Date checked out Cost, replacement price Price effective from Koha item type
    Dewey Decimal Classification     Junior NonFiction Wasatch County Library Wasatch County Library Second Floor 05/16/2025 Libraria 3 2 J 591.5 Pallotta 34301002154872 01/15/2026 12/31/2025 13.95 05/16/2025 BOOK
This project was made possible through a grant from the Institute of Museum and Library Service administered by the Utah State Library Division.

Wasatch County Library

  • 465 East 1200 South, Heber City, Utah 84032
  • Phone 435-654-1511 | Fax 435-654-6456

Hours

  • Monday - Friday 9:30 AM - 8:00 PM
  • Saturday 9:30 AM - 1:30 PM
  • Closed Sundays and Holidays